Television Simply Explained (Record no. 545686)
[ view plain ]
| 000 -LEADER | |
|---|---|
| fixed length control field | 00411cam a2200145u 4500 |
| 082 ## - DEWEY DECIMAL CLASSIFICATION NUMBER | |
| Classification number | 621.388 |
| Author Mark | HAL |
| -- | L-11, P-43 |
| 100 1# - MAIN ENTRY--PERSONAL NAME | |
| Personal name | Hallows, Ralph Watson, |
| 9 (RLIN) | 41629 |
| 245 00 - TITLE STATEMENT | |
| Title | Television Simply Explained |
| Remainder of title | R.w. hallows |
| 260 ## - PUBLICATION, DISTRIBUTION, ETC. | |
| Place of publication, distribution, etc. | Lodon, |
| Name of publisher, distributor, etc. | , |
| Date of publication, distribution, etc. | 1947. |
| 300 ## - PHYSICAL DESCRIPTION | |
| Extent | 198 p , xv |
| Other physical details | illus. |
| Dimensions | 19 cm. |
| 526 ## - STUDY PROGRAM INFORMATION NOTE | |
| Program name | 0 |
| Interest level | 0 |
| Reading level | 0 |
| Title point value | 621_388000000000000_HAL |
| 650 #0 - SUBJECT ADDED ENTRY--TOPICAL TERM | |
| Topical term or geographic name entry element | MCE |
| 9 (RLIN) | 379 |
| 650 #0 - SUBJECT ADDED ENTRY--TOPICAL TERM | |
| Topical term or geographic name entry element | Television. |
| 9 (RLIN) | 41630 |
| 942 ## - ADDED ENTRY ELEMENTS (KOHA) | |
| Source of classification or shelving scheme | |
| Koha item type | Book |
| Withdrawn status | Lost status | Source of classification or shelving scheme | Damaged status | Not for loan | Permanent Location | Current Location | Date acquired | Total Checkouts | Full call number | Barcode | Date last seen | Price effective from | Koha item type |
|---|---|---|---|---|---|---|---|---|---|---|---|---|---|
| Military College of Engineering (MCE) | Military College of Engineering (MCE) | 05/28/2014 | 621.388 HAL | MCE-40372 | 05/28/2014 | 05/28/2014 | Book |
